| 000 | 03138nam a2200529Ii 4500 | ||
|---|---|---|---|
| 001 | DIGBRUJ127 | ||
| 003 | NyNyDIG | ||
| 008 | 170309s2016 ag a ob 000 0 spa d | ||
| 006 | m o d | ||
| 007 | cr ||||||||||| | ||
| 035 | _a(OCoLC)975053623 | ||
| 040 |
_aDGITA _beng _erda _epn _cDGITA |
||
| 020 |
_a9789875917163 _q(eBook) |
||
| 020 |
_a9875917168 _q(eBook) |
||
| 020 | _z9789875913608 | ||
| 020 | _z987591360X | ||
| 043 | _as-ag--- | ||
| 050 | 1 | 4 | _aHN270.C6 ebook |
| 082 | 0 | 4 | _a305.800982540903 |
| 245 | 0 | 0 |
_aMestizaje y configuración social : _bCórdoba, siglos XVI y XVII / _cBeatriz Bixio, Constanza González Navarro, directoras ; Marta Bonofiglio, Romina Grana, Marcos Rubiolo Galíndez, Luisa Domínguez, Sofía De Mauro. |
| 264 | 1 |
_a[Córdoba, Argentina] : _bEditorial Brujas, _c[2016] |
|
| 300 |
_a1 online resource : _billustrations. |
||
| 336 |
_atext _btxt _2rdacontent |
||
| 337 |
_acomputer _bc _2rdamedia |
||
| 338 |
_aonline resource _bcr _2rdacarrier |
||
| 504 | _aIncludes bibliographical references. | ||
| 505 | 0 | _aMestizos, testamentos y configuraciones sociales en Córdoba colonial / por Beatriz Bixio -- Occidentalización, mimetización y mestizaje cristianos: cartas anuas de 1641 a 1643 referidas a los Colegios de la Gobernación del Tucumán / Luisa Domínguez y Sofía De Mauro -- La materialidad en un contexto multiétnico / Marta Bonofiglio -- El ejercicio de las artes manuales en talleres y obrajes de Córdoba (1573-1650) : prácticas, relaciones e intercambios culturales / Constanza González Navarro -- Construcción discursiva de la imagen personal en fuentes coloniales / Romina Grana -- De todo un poco : la relativa prosperidad de una familia de carpinteros en Córdoba del Tucumán (ca. 1600-1641) / Marcos E. Rubiolo Galíndez -- Andrés de Contreras, soldado, mayordomo y sastre : una aproximación al entre-medio de la naciente sociedad colonial : Córdoba (siglos XVI-XVII) / Constanza González Navarro. | |
| 588 | 0 | _aOnline resource; title from PDF title page (Digitalia, viewed March 10, 2017) | |
| 650 | 0 |
_aSocial groups _zArgentina _zCórdoba _xHistory. |
|
| 650 | 0 |
_aMestizaje _zArgentina _zCórdoba _xHistory. |
|
| 651 | 0 |
_aCórdoba (Argentina) _xSocial conditions _y16th century. |
|
| 651 | 0 |
_aCórdoba (Argentina) _xSocial conditions _y17th century. |
|
| 655 | 0 | _aElectronic books. | |
| 700 | 1 |
_aBixio, Beatriz, _eeditor. |
|
| 700 | 1 |
_aGonzález Navarro, Constanza, _eeditor. |
|
| 700 | 1 |
_aBonofiglio de Gómez, Marta María, _eauthor. |
|
| 700 | 1 |
_aGrana, Romina, _eauthor. |
|
| 700 | 1 |
_aRubiolo Galíndez, Marcos, _eauthor. |
|
| 700 | 1 |
_aDomínguez, Luisa, _eauthor. |
|
| 700 | 1 |
_aDe Mauro, Sofía, _eauthor. |
|
| 791 | 2 |
_aDigitalia (Firm), _edistributor. |
|
| 793 | 0 |
_gDigitalia eBook Collection: _aEditorial Brujas |
|
| 776 | 0 | 8 |
_a8 _iPrint version: _tMestizaje y configuración social. _b1o edición. _dCórdoba, Argentina : Editorial Brujas, [2013] _z9789875913608 _w(DLC) 2012516501 _w(OCoLC)896867098 |
| 856 | 4 | 0 |
_3Digitalia Hispánica _uhttps://www.digitaliapublishing.com/a/41812/ |
| 910 | _aPremium collection: 2017 | ||
| 942 | _cRAA | ||
| 999 |
_c246776 _d246776 |
||